000 00564nam a22001937a 4500
005 20260421104857.0
008 260421b |||||||| |||| 00| 0 eng d
020 _a978-81-203-4876-9
050 _aHD 30.213 .J67 2014
100 _aS.J, P.T. JOSEPH
245 _aMANAGEMENT INFORMATION SYSTEMS IN THE KNOWLEDGE ECONOMY.
250 _a2ND
260 _aDELHI,
_bPHI LEARNING PRIVATE LIMITED,
_c2014
300 _aXVI, 555 P. ILL
500 _aINCLUDES INDEX
650 _aMANAGEMENT INFORMATION SYSTEMS.
700 _aMOHAPATRA, SANJAY
942 _2lcc
_cBK
999 _c217038
_d217038